000 00644nam a2200241 a 4500
001 nice12345678
003 IN_TiNIC
005 20260116012553.0
008 050524s1964 lona grp 000 0 eng
020 _a
_c100
082 0 0 _a232.5
_bMUR
100 _aMurray, G R Beasley
245 _aResurrection of Jesus Christ
260 _aLondon
_bOliphant Anderson and Ferrier
_c1964
300 _a48p
500 _aincludes index and biblioraphy
505 2 _a6th revised edition hyderabad deccan 1403H-1983
650 _aJesus Christ-Resurrection
700 1 _aMurray, G R Beasley
902 _bSRS
942 _cBK
999 _c7497
_d7497